[Event "VIE-ch U15 Girls"]
[Site "Hanoi"]
[Date "2022.06.13"]
[Round "3"]
[White "Truong, Ngoc Tra My"]
[Black "Tran, Thi Hoan Kim"]
[Result "0-1"]
[WhiteElo "2108"]
[BlackElo "2113"]
[PlyCount "128"]
[EventDate "2022.06.11"]
[EventType "swiss"]
[EventRounds "9"]
[EventCountry "VIE"]
[SourceTitle "EXT 2023"]
[Source "ChessBase"]
[SourceDate "2022.10.05"]
[SourceVersion "1"]
[SourceVersionDate "2022.10.05"]
[SourceQuality "1"]

1. d4 Nf6 2. Nf3 g6 3. Bf4 Bg7 4. e3 d6 5. Bd3 0-0 6. 0-0 Nbd7 7. h3 Re8 8. Bh2 e5 9. Bc4 exd4 10. exd4 Nb6 11. Bd3 Bd7 12. Nbd2 Bc6 13. Re1 Qd7 14. c3 Rxe1+ 15. Qxe1 Re8 16. Qd1 Ne4 17. Bf4 Nd5 18. Bxe4 Nxf4 19. Qc2 Bxe4 20. Nxe4 Qf5 21. Re1 Kh8 22. Qb1 h6 23. Kh2 d5 24. Ng3 Qxb1 25. Rxb1 Nd3 26. Kg1 Re6 27. Kf1 Rb6 28. b4 Ra6 29. Ra1 Ra3 30. Ne2 b6 31. Ne1 Nxe1 32. Kxe1 c5 33. Kd2 cxb4 34. cxb4 Bf8 35. b5 Ra4 36. Kc3 Bd6 37. Kc2 Kg7 38. Kd3 Kf8 39. Nc3 Ra3 40. Kc2 Ke7 41. Nxd5+ Ke6 42. Ne3 Ra4 43. Kc3 Be7 44. Ng4 h5 45. Ne5 Bf6 46. Nc6 Ra3+ 47. Kb4 Rd3 48. a4 Kd5 49. Ra3 Rxa3 50. Kxa3 Bxd4 51. f3 Kc4 52. Nxd4 Kxd4 53. Kb3 Kd3 54. Kb4 Ke2 55. a5 Kf2 56. axb6 axb6 57. Kc4 Kxg2 58. Kd5 Kxh3 59. Kc6 Kg2 60. Kxb6 h4 61. Kc7 h3 62. b6 h2 63. b7 h1Q 64. b8Q Qh2+ 0-1

[Event "VIE-ch U15 Girls"]
[Site "Hanoi"]
[Date "2022.06.12"]
[Round "2"]
[White "Tran, Thi Hoan Kim"]
[Black "Duong, Thao Nguyen"]
[Result "1-0"]
[WhiteElo "2113"]
[BlackElo "2102"]
[PlyCount "87"]
[EventDate "2022.06.11"]
[EventType "swiss"]
[EventRounds "9"]
[EventCountry "VIE"]
[SourceTitle "EXT 2023"]
[Source "ChessBase"]
[SourceDate "2022.10.05"]
[SourceVersion "1"]
[SourceVersionDate "2022.10.05"]
[SourceQuality "1"]

1. e4 e5 2. Nf3 d6 3. Nc3 Nc6 4. Be2 Nf6 5. d3 Bg4 6. Be3 g6 7. h3 Be6 8. d4 d5 9. exd5 Nxd5 10. Nxd5 Qxd5 11. dxe5 Qxd1+ 12. Rxd1 Bg7 13. Nd4 Nxd4 14. Bxd4 0-0 15. Bf3 c6 16. 0-0 f6 17. exf6 Bxf6 18. Rfe1 Bxd4 19. Rxd4 Bxa2 20. b3 c5 21. Ra4 Rac8 22. Rxa2 Rc7 23. Rxa7 Kg7 24. Rxb7 Rxb7 25. Bxb7 Rf7 26. Bd5 Rd7 27. Bc4 h5 28. Re5 Rd1+ 29. Kh2 Rd2 30. Bd3 Rxf2 31. Rxc5 Kh6 32. Rc6 h4 33. Rxg6+ Kh5 34. Rg8 Rf6 35. b4 Rb6 36. b5 Rb7 37. c4 Kh6 38. c5 Rg7 39. Rxg7 Kxg7 40. b6 Kf6 41. b7 Ke7 42. b8Q Kd7 43. Qd6+ Kc8 44. Ba6# 1-0